ბათუმის შოთა რუსთაველის სახელმწიფო უნივერსიტეტის ბიბლიოთეკა

ფინანსური კაპიტალი სოფლის მეურნეობაში / (ბიბ.ჩანაწერი № 63276)

000 -ლიდერი
ფიქსირებული სიგრძის საკონტროლო ველი 01078nam a22002057a 4500
003 - საკონტროლო ნომრის იდენტიფიკატორი
საკონტროლო ველი Ge_BSU
005 - ბოლო ოპერაციის თარიღი და დრო
საკონტროლო ველი 20250716152326.0
008 - ფიქსირებული სიგრძის მონაცემთა ელემენტები - ზოგადი ინფორმაცია
ფიქსირებული სიგრძის საკონტროლო ველი 250716s1950 ge ||||| |||| 00| 0 geo d
041 ## - ენის კოდი
Language code of text/sound track or separate title geo
080 ## - უნივერსალური ათობითი კლასიფიკაციის ინდექსი
Universal Decimal Classification number 330.142.23:63 ნ-99
100 ## - მთავარი ჩანაწერი - პიროვნების სახელი
Personal name ნუცუბიძე, აპოლონ.
9 (RLIN) 25660
245 ## - ცნობა სათაურის შესახებ
Title ფინანსური კაპიტალი სოფლის მეურნეობაში /
Statement of responsibility, etc აპოლონ ნუცუბიძე
264 ## - წარმოების, გამოცემის, დისტრიბუციის და სხვა ცნობები
გამოცემის, წარმოების, დისტრიბუციის... ადგილი თბილისი :
გამოცემის, წარმოების, დისტრიბუციის... სახელწოდება სახელგამი, პოლიტლიტერატურის სექტორი,
გამოცემის, წარმოების, დისტრიბუციის... თარიღი 1950.
300 ## - ფიზიკური აღწერა
Extent 367გვ. ;
Other physical details 21სმ.
504 ## - BIBLIOGRAPHY, ETC. NOTE
Bibliography, etc ბიბლიოგრ.: "ლიტ-რა", შენიშვნებში.
653 ## - INDEX TERM--UNCONTROLLED
Uncontrolled term ფინანსური კაპიტალი სოფლის მეურნეობაში.
653 ## - INDEX TERM--UNCONTROLLED
Uncontrolled term პოლიტიკური ეკონომია.
710 ## - ADDED ENTRY--CORPORATE NAME
Corporate name or jurisdiction name as entry element საქ. სსრ მეც. აკად. ეკონომიკის ინ-ტი.
9 (RLIN) 25661
942 ## - ADDED ENTRY ELEMENTS (KOHA)
Source of classification or shelving scheme
Koha item type წიგნი
ეგზემპლარები
ჩამოწერის სტატუსი დაკარგული ეგზემპლარის სტატუსი კლასიფიკაციის წყარო ან თაროზე გაწყობის სქემა დაზიანების სტატუსი არ გაიცემა მუდმივი მდებარეობა (დაცვის ადგილი) ამჟამინდელი ადგილსამყოფელი თაროზე განთავსების ადგილი შეძენის თარიღი ღირებულება, შესყიდვის ნორმალური ფასი სრული შენახვის შიფრი შტრიხკოდი ბოლო ოპერაციის თარიღი ეგზემპლარის მიმდევრობითი ნომერი (კეტერი?) ფასის ძალაში შესვლის თარიღი ეგზემპლარის სახეობა საჯარო შენიშვნა
          ბათუმის შოთა რუსთაველის სახელმწიფო უნივერსიტეტის მთავარი ბიბლიოთეკა ბათუმის შოთა რუსთაველის სახელმწიფო უნივერსიტეტის მთავარი ბიბლიოთეკა წიგნსაცავი 2025-07-16 3.00 330.142.23:63 ნ-99 72134 2025-07-16 72134 2025-07-16 წიგნი 3.00
          ბათუმის შოთა რუსთაველის სახელმწიფო უნივერსიტეტის მთავარი ბიბლიოთეკა ბათუმის შოთა რუსთაველის სახელმწიფო უნივერსიტეტის მთავარი ბიბლიოთეკა წიგნსაცავი 2025-07-16 3.00 330.142.23:63 ნ-99 72135 2025-07-16 72135 2025-07-16 წიგნი 3.00
          ბათუმის შოთა რუსთაველის სახელმწიფო უნივერსიტეტის მთავარი ბიბლიოთეკა ბათუმის შოთა რუსთაველის სახელმწიფო უნივერსიტეტის მთავარი ბიბლიოთეკა წიგნსაცავი 2025-07-16 3.00 330.142.23:63 ნ-99 72136 2025-07-16 72136 2025-07-16 წიგნი 3.00
          ბათუმის შოთა რუსთაველის სახელმწიფო უნივერსიტეტის მთავარი ბიბლიოთეკა ბათუმის შოთა რუსთაველის სახელმწიფო უნივერსიტეტის მთავარი ბიბლიოთეკა წიგნსაცავი 2025-07-16 3.00 330.142.23:63 ნ-99 72137 2025-07-16 72137 2025-07-16 წიგნი 3.00
          ბათუმის შოთა რუსთაველის სახელმწიფო უნივერსიტეტის მთავარი ბიბლიოთეკა ბათუმის შოთა რუსთაველის სახელმწიფო უნივერსიტეტის მთავარი ბიბლიოთეკა წიგნსაცავი 2025-07-16 3.00 330.142.23:63 ნ-99 72138 2025-07-16 72138 2025-07-16 წიგნი 3.00